|
|
|
|
| LEADER |
00000nab a2200000 a 4500 |
| 001 |
vtls000539952 |
| 003 |
SK-MaSNL |
| 005 |
20260305015041.0 |
| 008 |
150430c1995 xo 0 slo |
| 015 |
|
|
|a SNBRB19rr/mm-uuuuu
|
| 035 |
|
|
|a CL0540090
|
| 040 |
|
|
|a SNKBUCL
|b slo
|c SNKBUCL
|e AACR2
|
| 041 |
0 |
|
|a slo
|
| 044 |
|
|
|a xo
|c SK
|
| 080 |
|
|
|a 336.74(437.6)
|2 1981
|
| 080 |
|
|
|a 336.711(437.6)
|2 1981
|
| 245 |
0 |
0 |
|a Menový prehľad Národnej banky Slovenska za september 1994
|
| 300 |
|
|
|b Grafy 3, tab. 4
|
| 650 |
0 |
7 |
|a mena slovenská
|2 snkbucl
|9 845211
|
| 650 |
0 |
7 |
|a Národná banka Slovenska
|2 snkbucl
|9 1383201
|
| 655 |
|
7 |
|a články z novín a časopisov
|2 snkbucl
|9 267496
|
| 773 |
0 |
|
|t Hospodárske noviny
|g Č. 2 (3. 1. 1995)
|x 0862-9567
|
| 773 |
0 |
|
|t [Príl.] Burzové noviny
|g Č. 2, s. 4
|x 0862-9567
|
| 850 |
|
|
|a Slovenská národná knižnica v Martine
|a MTA001
|
| 852 |
|
|
|a SNK
|b KIS3GCP
|
| 958 |
|
|
|a RK
|
| 958 |
|
|
|a SK
|
| 992 |
|
|
|a RBX
|
| 999 |
|
|
|c 3272813
|d 3274743
|